Современные технологии поддержки принятия решений в экономике: сборник трудов Всероссийской научно-практической конференции студентов, аспирантов и молодых ученых, 28-20 апреля 2014 г., г. Юрга

Detalles Bibliográficos
Corporate Authors: Современные технологии поддержки принятия решений в экономике конференция, Национальный исследовательский Томский политехнический университет (ТПУ) Юргинский технологический институт (ЮТИ)
Outros autores: Захарова А. А. Александра Александровна (редактор)
Summary:Заглавие с экрана
Сборник содержит материалы всероссийской научно-практической конференции по вопросам современных технологий, методологий и методов поддержки принятия решений, обработки информации и оптимизации для решения задач управления социальными, экономическими системами на макро- и микроуровнях. Материалы сборника представляют интерес для преподавателей, научных работников, студентов, магистрантов и аспирантов в сфере информационных технологий и управления
Idioma:ruso
Publicado: Томск, Изд-во ТПУ, 2014
Subjects:
Acceso en liña:http://www.lib.tpu.ru/fulltext/c/2014/C79/C79.pdf
http://earchive.tpu.ru/handle/11683/69459
Formato: Electrónico Libro
KOHA link:https://koha.lib.tpu.ru/cgi-bin/koha/opac-detail.pl?biblionumber=607990

MARC

LEADER 00000nam0a2200000 4500
001 607990
005 20231222111952.0
035 |a (RuTPU)RU\TPU\conf\5406 
090 |a 607990 
100 |a 20140910d2014 k y0rusy50 ca 
101 0 |a rus 
102 |a RU 
105 |a y z 101zy 
135 |a drcn ---uucaa 
181 0 |a i  
182 0 |a b 
200 1 |a Современные технологии поддержки принятия решений в экономике  |e сборник трудов Всероссийской научно-практической конференции студентов, аспирантов и молодых ученых, 28-20 апреля 2014 г., г. Юрга  |f Национальный исследовательский Томский политехнический университет (ТПУ), Юргинский технологический институт (ЮТИ) ; отв. ред. А. А. Захарова 
203 |a Текст  |c электронный 
210 |a Томск  |c Изд-во ТПУ  |d 2014 
300 |a Заглавие с экрана 
330 |a Сборник содержит материалы всероссийской научно-практической конференции по вопросам современных технологий, методологий и методов поддержки принятия решений, обработки информации и оптимизации для решения задач управления социальными, экономическими системами на макро- и микроуровнях. Материалы сборника представляют интерес для преподавателей, научных работников, студентов, магистрантов и аспирантов в сфере информационных технологий и управления 
337 |a Adobe Reader 
606 1 |a Информационные технологии  |x Применение в экономике  |2 stltpush  |3 (RuTPU)RU\TPU\subj\80751  |9 88352 
610 1 |a электронный ресурс 
610 1 |a труды учёных ТПУ 
610 1 |a материалы конференций 
610 1 |a экономика 
610 1 |a современные технологии 
610 1 |a методологии 
610 1 |a принятие решений 
610 1 |a обработка информации 
610 1 |a оптимизация 
610 1 |a системный анализ 
610 1 |a управление 
610 1 |a информационные технологии 
610 1 |a облачные технологии 
610 1 |a автоматизация 
610 1 |a экспертные системы 
686 |a Ув6с51л0  |2 rubbk 
702 1 |a Захарова  |b А. А.  |c специалист в области информатики и вычислительной техники  |c профессор Юргинского технологического института (филиала) Томского политехнического университета, доктор наук  |f 1976-  |g Александра Александровна  |3 (RuTPU)RU\TPU\pers\22758  |4 340  |9 9789 
712 1 2 |a Современные технологии поддержки принятия решений в экономике  |b конференция  |e Юрга  |f 2014 
712 0 2 |a Национальный исследовательский Томский политехнический университет (ТПУ)  |b Юргинский технологический институт (ЮТИ)  |c (2009- )  |3 (RuTPU)RU\TPU\col\15903 
801 2 |a RU  |b 63413507  |c 20220822  |g RCR 
856 4 |u http://www.lib.tpu.ru/fulltext/c/2014/C79/C79.pdf 
856 4 |u http://earchive.tpu.ru/handle/11683/69459 
942 |c BK